[Event "IND-ch U19"]
[Site "Kankarbagh"]
[Date "2017.09.04"]
[Round "3"]
[White "Jayakumaar, S."]
[Black "Harsh, Himanshu"]
[Result "1-0"]
[WhiteElo "2237"]
[BlackElo "1720"]
[PlyCount "93"]
[EventDate "2017.09.03"]
[EventType "swiss"]
[EventRounds "11"]
[EventCountry "IND"]
[SourceTitle "CBM 180 Extra"]
[Source "ChessBase"]
[SourceDate "2017.10.06"]
[SourceVersion "1"]
[SourceVersionDate "2017.10.06"]
[SourceQuality "1"]

1. d4 Nf6 2. Nc3 d5 3. Bf4 c6 4. e3 Bf5 5. f3 e6 6. g4 Bg6 7. h4 h5 8. g5 Ng8 9. Bd3 Bxd3 10. Qxd3 Bd6 11. Nh3 Ne7 12. Bxd6 Qxd6 13. Nf4 Nd7 14. 0-0-0 e5 15. Nfe2 0-0-0 16. e4 Kb8 17. Kb1 a6 18. Rhe1 c5 19. Nxd5 cxd4 20. Nxe7 Qxe7 21. f4 f6 22. Qg3 Ka8 23. fxe5 fxe5 24. c3 dxc3 25. Nxc3 Nb6 26. Qf2 Qb4 27. a3 Qe7 28. Qc2 Qe6 29. Rd3 Qg4 30. Red1 Rxd3 31. Qxd3 Qxh4 32. Qd6 Nc4 33. Qc5 Nxb2 34. Kxb2 Qxg5 35. Rd7 Rd8 36. Rxd8+ Qxd8 37. Qxe5 h4 38. Nd5 h3 39. Qg3 Qa5 40. Qxh3 Qd2+ 41. Kb3 Qd1+ 42. Kc3 Qa1+ 43. Kc4 Qe5 44. Qc8+ Ka7 45. Qc5+ Kb8 46. Qf8+ Ka7 47. Qf2+ 1-0

[Event "IND-chT 37th"]
[Site "Bhopal"]
[Date "2017.02.07"]
[Round "8.4"]
[White "Harsh, Himanshu"]
[Black "Manigandan, SS."]
[Result "0-1"]
[WhiteElo "1884"]
[BlackElo "2080"]
[PlyCount "64"]
[EventDate "2017.02.02"]
[EventType "team-swiss"]
[EventRounds "9"]
[EventCountry "IND"]
[SourceTitle "CBM 176 Extra"]
[Source "ChessBase"]
[SourceDate "2017.03.02"]
[SourceVersion "1"]
[SourceVersionDate "2017.03.02"]
[SourceQuality "1"]
[WhiteTeam "Bihar State"]
[BlackTeam "Tamil Nadu"]
[WhiteTeamCountry "IND"]
[BlackTeamCountry "IND"]

1. e4 e6 2. d3 d5 3. Nd2 Nf6 4. Ngf3 b6 5. g3 Be7 6. Bg2 c5 7. 0-0 0-0 8. Re1 Nc6 9. e5 Ne8 10. Nf1 f6 11. Ne3 f5 12. d4 Nc7 13. c3 Bb7 14. Nc2 c4 15. h4 b5 16. Ng5 a5 17. Qh5 h6 18. Nh3 Qe8 19. Qe2 Qf7 20. h5 b4 21. Nf4 Bg5 22. Ng6 Bxc1 23. Raxc1 Rfb8 24. Ne3 Ne7 25. Nf4 Bc6 26. Bh3 Bd7 27. Neg2 a4 28. cxb4 Rxb4 29. Qd2 Nc6 30. Ne3 Rab8 31. Rc2 Nb5 32. Nexd5 Nbxd4 0-1